000 00862nam a2200229 a 4500
001 11951
003 BD-JhCC
005 20251213132354.0
008 210223b20142019bg |||| ||a| 00| 0 ben d
020 _a9789848939277
035 _a(BD-JhCC)11951
040 _aBD-JhCC
_dBD-JhCC
041 _aben
082 _a954.9205
_bRAF 2019
100 _aইসলাম, রফিকুল
245 _aএকাত্তরের মুক্তিযুদ্ধঃ এগারোটি সেক্টরের বিজয় কাহিনি /
_cরফিকুল ইসলাম
260 _aঢাকা, বাংলাদেশঃ
_bস্বরবৃত্ত প্রকাশন,
_c২০১৯.
300 _a160
_c22 cm.
650 _aবাংলাদেশের মুক্তিযু্দ্ধ
942 _2ddc
_cBK
999 _c11951
_d11951